[Event "8th Tilburg Interpolis it"]
[Site "Tilburg NED"]
[Date "1984.10.07"]
[Round "4"]
[White "Andersson, Ulf"]
[Black "Portisch, Lajos"]
[Result "1/2-1/2"]
[WhiteElo "2595"]
[BlackElo "2640"]
[EventDate "1984.10.03"]
[PlyCount "81"]

1. Nf3 c5 2. c4 Nf6 3. g3 d5 4. cxd5 Nxd5 5. Bg2 Nc6 6. d4 Nf6 7. e3 e6 8. O-O
Be7 9. dxc5 Bxc5 10. Qxd8+ Kxd8 11. Bd2 Bd7 12. Nc3 Ke7 13. Rac1 Bb6 14. Rfd1
Rhd8 15. Na4 Ne4 16. Nxb6 axb6 17. a3 Nxd2 18. Nxd2 Be8 19. Nb1 Rxd1+ 20. Rxd1
Rc8 21. Nc3 Na5 22. Bf1 Nc4 23. Bxc4 Rxc4 24. Rd4 Rc5 25. f3 Bc6 26. Kf2 b5 27.
e4 Rh5 28. h4 h6 29. Rd1 Rc5 30. Ke3 f5 31. exf5 Rxf5 32. Ne4 Rf8 33. Rd4 Ra8
34. Nc3 e5 35. Rg4 Kf7 36. Rb4 Rf8 37. Nxb5 Kg6 38. f4 exf4+ 39. gxf4 Kh5 40.
Nd4 Kxh4 41. Nxc6 1/2-1/2